Statistieken voor Gepixeleerde Wereldkaart

Klik hier om de quiz te nemen!

Algemene statistieken

  • Deze quiz is 833 keer genomen
  • De gemiddelde score is 1027 van 1129

Antwoorden op de kaart

Antwoorden kleurgecodeerd door een groen-rode schaal op de quizkaart volgens % correct hieronder.
Laden...
 

Antwoordstatistieken

Land% Correct
Mexico
98%
China
98%
Frankrijk
98%
Canada
98%
Rusland
98%
Verenigde Staten
98%
Australië
97%
Spanje
97%
Denemarken
97%
Nederland
97%
Brazilië
97%
Noorwegen
96%
Argentinië
96%
Duitsland
96%
Zweden
95%
India
95%
Finland
95%
Verenigd Koninkrijk
95%
IJsland
95%
Zuid-Afrika
95%
Chili
94%
Italië
94%
Polen
94%
Marokko
93%
Egypte
93%
Japan
93%
Ierland
93%
Mongolië
92%
Turkije
91%
Indonesië
90%
Wit-Rusland
90%
Madagaskar
90%
Nieuw-Zeeland
90%
Iran
89%
Peru
89%
Congo-Kinshasa
87%
Griekenland
87%
Colombia
87%
Congo-Brazzaville
86%
Kazachstan
86%
Saoedi-Arabië
86%
Bolivia
86%
Algerije
85%
Venezuela
85%
Noord-Korea
85%
Suriname
85%
Zuid-Korea
85%
Irak
85%
Libië
84%
Oekraïne
84%
Litouwen
83%
Thailand
83%
Uruguay
82%
Pakistan
82%
Niger
81%
Oostenrijk
79%
Tsjechië
79%
Paraguay
79%
Roemenië
78%
Ecuador
78%
Soedan
78%
Vietnam
77%
Tunesië
77%
Nigeria
77%
Bulgarije
77%
Hongarije
74%
Afghanistan
74%
Ethiopië
73%
Namibië
73%
Jemen
72%
Mali
71%
Somalië
71%
Guyana
71%
Syrië
70%
Kenia
70%
Servië
69%
Nepal
69%
Filipijnen
69%
Zuid-Soedan
68%
Tanzania
68%
Oman
68%
Maleisië
67%
Papoea-Nieuw-Guinea
67%
Laos
66%
Angola
66%
Myanmar
65%
Mozambique
65%
Turkmenistan
65%
Tsjaad
64%
Bangladesh
63%
Mauritanië
62%
Zambia
62%
Cambodja
62%
Senegal
61%
Botswana
61%
Ivoorkust
61%
Oezbekistan
61%
Zimbabwe
61%
Ghana
60%
Nicaragua
60%
Guatemala
58%
Jordanië
58%
Azerbeidzjan
55%
Oeganda
54%
Centraal-Afrikaanse Republiek
54%
Kameroen
54%
Eritrea
53%
Kirgizië
53%
Tadzjikistan
52%
Burkina Faso
47%
Gabon
46%
Sierra Leone
45%
Guinee
45%
Benin
42%

Scoreverdeling

Percentiel versus Aantal Correcte Antwoorden

Procent van Mensen met Elke Score

Uw Scoregeschiedenis

U heeft deze quiz nog niet genomen